Normal view
MARC view
- تاليف حسين، تحية كامل
Entry Personal Name
001 - CONTROL NUMBER
- control field: 7936
003 - CONTROL NUMBER IDENTIFIER
- control field: JO-AjAnu
005 - DATE AND TIME OF LATEST TRANSACTION
- control field: 20230606071600.0
008 - FIXED-LENGTH DATA ELEMENTS
- fixed length control field: 230606|| aca||aabn | a|a d
040 ## - CATALOGING SOURCE
- Original cataloging agency: JO-AjAnu
- Transcribing agency: JO-AjAnu
100 ## - HEADING--PERSONAL NAME
- Personal name: تاليف حسين، تحية كامل
670 ## - SOURCE DATA FOUND
- Source citation: Work cat.: (JO-AjAnu)4099: تاليف حسين، تحية كامل, author, المؤثرات الغير مرئية على الأزياء